Statistics for Countries with the Most Computers

Click here to take the quiz!

General Stats

  • This quiz has been taken 548 times
  • The average score is 8 of 9

Answer Stats

RankCountryApprox. Number of computers% Correct
1.United States164,100,000
99%
8.China15,900,000
97%
4.United Kingdom26,000,000
94%
2.Japan49,900,000
92%
5.France21,800,000
91%
3.Germany30,600,000
90%
7.Canada16,000,000
83%
6.Italy17,500,000
78%
9.Australia10,600,000
68%

Score Distribution

Percentile by Number Answered

Percent of People with Each Score

Your Score History

You have not taken this quiz